| 000 | 01160naa a22003257a 4500 | ||
|---|---|---|---|
| 001 | BR7800014 | ||
| 003 | BR-BrBNA | ||
| 005 | 20240918174048.0 | ||
| 007 | ta | ||
| 008 | 230509b bl.||||| |||| 00| 0 por d | ||
| 040 |
_aBR-BrBNA _bpor _cBiblioteca Nacional de Agricultura |
||
| 041 | _a(Pt) | ||
| 072 |
_aL30 _b6000 _b5300 _b5600 _b5100 _bG514 |
||
| 090 | _aL30 BR7800014 | ||
| 100 | 1 | _aAnon. | |
| 111 | 1 |
_a14. Reuniao Anual da Sociedade Brasileira de Zootecnia _cRecife, PE (Brazil) _d17 Jul 1977 |
|
| 245 | 1 |
_aNao ruminantes [ave domestica, suino, coelho, equino, racao, nutricao animal] _bSessao 2 |
|
| 260 | 3 |
_aRecife, PE (Brasil): _c1977. |
|
| 500 | _aAnais da 14. Reuniao Anual da Sociedade Brasileira de Zootecnia Recife, PE (Brasil): 1977. p. 126-207 (BR7800014-AM)L30 | ||
| 650 | _aAVE DOMESTICA | ||
| 650 | _aSUINO | ||
| 650 | _aCOELHO | ||
| 650 | _aEQUINO | ||
| 650 | _aRACAO | ||
| 650 | _aARRACOAMENTO | ||
| 650 | _aNUTRICAO ANIMAL | ||
| 773 | 0 |
_tAnais da 14. Reuniao Anual da Sociedade Brasileira de Zootecnia _wL30 BR7800014 _gRecife, PE (Brasil), 1977. p. 126-207 |
|
| 909 |
_a202404 _bLucia _c55 _dLucia Elande |
||
| 942 |
_cAM _2AGRIS |
||
| 999 |
_c308667 _d308667 |
||